| 000 | 00739nam a2200217 a 4500 | ||
|---|---|---|---|
| 001 | 0085 | ||
| 005 | 20140414131854.0 | ||
| 008 | 040728s19uu xx 00 eng d | ||
| 020 | _a0-945912-05-6 | ||
| 050 |
_aM 808.7 _bK28 1989 |
||
| 100 | _aKeller, Charles | ||
| 245 |
_aDriving me crazy : _bfun-onwheels jokes / _ccompiled by Charles Keller ; illustrated by Lee Lorenz. |
||
| 260 |
_aNew York : _bPippin Press, _c1989. |
||
| 300 | _a1 v. : ill. ; cm. | ||
| 520 | _aJokes and riddles about cars, buses, trucks, bicyclesm motorcycles, and other vehicles on wheels. | ||
| 650 |
_aMotor vehicles _xJuvenile humor. |
||
| 650 |
_aWheels _xJuvenile humor. |
||
| 650 | _aRiddles, Juvenile. | ||
| 650 | _aWit and humor. | ||
| 999 |
_c110382 _d110382 |
||